Vplyv kyseliny listovej na zdravie človeka

Salvato in:
Dettagli Bibliografici
Autore principale: Bielik, Vladimír
Natura: Libro
Lingua:slovacco
Pubblicazione: Bratislava STU FCHPT 2009
Accesso online:Visualizza in OPAC
Tags: Aggiungi Tag
Nessun Tag, puoi essere il primo ad aggiungerne!!

MARC

LEADER 00000nam a2200000 a 4500
005 20260127133948.0
008 091019 2009 xo 000 0 slo d
035 |a vtls009961151 
039 9 |a 200910260936  |b mschk03  |c 200910260936  |d mschk03  |y 200910190941  |z mschk03 
040 |a STUSCHK1  |b slo  |c STUSCHK1  |e AACR2 
100 1 |a Bielik, Vladimír 
245 1 |a Vplyv kyseliny listovej na zdravie človeka  |c Vladimír Bielik 
260 |a Bratislava  |b STU FCHPT  |c 2009 
300 |a 33 s.  |b il.  |c 30cm 
500 |a Obháj.: 16.7. 2009 
500 |a Študijný program: potravinárstvo 
500 |a Študijný odbor: 5.2.24 potravinárstvo 
500 |a Fakulta chemickej a potravinárskej technológie, Odd. potravinárskej technológie 
500 |a Bakalárska práca 
910 |a SCHK95 
999 |c 978  |d 978